000 00363nam a22001337a 4500
999 _c519582
_d519582
008 220321b ||||| |||| 00| 0 eng d
100 _aSharma, H.L.
_932557
245 _aEntrepreneurship: A catalyst for social change
260 _aKurukshetra
300 _a69(12), Oct, 2021: p.37-42
773 _aKurukshetra
906 _aENTREPRENEURSHIP
942 _cAR